AH International Schools' Libraries

Snails are just my speed! / (Record no. 49611)

MARC details
000 -LEADER
fixed length control field 00630nam a2200193 4500
020 ## - INTERNATIONAL STANDARD BOOK NUMBER
International Standard Book Number 9781943145270 (hbk.) :
082 ## - DEWEY DECIMAL CLASSIFICATION NUMBER
Classification number 594.3
100 1# - MAIN ENTRY--PERSONAL NAME
Personal name McCloskey, Kevin,
Relator term author,
-- illustrator.
9 (RLIN) 86726
245 10 - TITLE STATEMENT
Title Snails are just my speed! /
Statement of responsibility, etc Kevin McCloskey.
260 ## - PUBLICATION, DISTRIBUTION, ETC. (IMPRINT)
Place of publication, distribution, etc New York:
Name of publisher, distributor, etc TOON Books;
Date of publication, distribution, etc May 1, 2018.
300 ## - PHYSICAL DESCRIPTION
Extent 1 volume (unpaged) :
Other physical details illustrations ;
Dimensions 16 x 23 cm.
490 ## - SERIES STATEMENT
Series statement Giggle and learn
500 ## - GENERAL NOTE
General note Formerly CIP.
Institution to which field applies Uk
521 2# - TARGET AUDIENCE NOTE
Target audience note K to grade 3.
650 ## - SUBJECT ADDED ENTRY--TOPICAL TERM
Topical term or geographic name as entry element Snails
Form subdivision Juvenile literature.
9 (RLIN) 86727
650 ## - SUBJECT ADDED ENTRY--TOPICAL TERM
Topical term or geographic name as entry element Speed
General subdivision Fiction.
9 (RLIN) 17131
942 ## - ADDED ENTRY ELEMENTS (KOHA)
Source of classification or shelving scheme
Koha item type Book
Holdings
Withdrawn status Lost status Source of classification or shelving scheme Damaged status Not for loan Home library Current library Date acquired Total Checkouts Full call number Barcode Date last seen Price effective from Koha item type
          Logos International School Logos International School 10/07/2025   J 594.3 MCC 041778 10/08/2025 10/07/2025 Book

For any Logos Library related questions please contact Miss Art at swongnarasuk@asianhope.org.

For any Asian Hope Library related questions please contact Miss Raza at graza@asianhope.org.

Powered by Koha